banner-ar

PASSIONS AFRICAINES / (Record no. 16113)

MARC details
000 -الفاتح
حقل البيانات ثابتة الطول 00510nam a2200205Ia 4500
008 - عناصر البيانات ثابتة الطول - معلومات عامة
حقل البيانات ثابتة الطول 140319s9999 xx 000 0 eng d
040 ## - مصدر الفهرسة
وكالة الفهرسة الأصلية GCL /
وكالة النسخ GCL
082 04 - رقم تصنيف ديوى العشرى
رقم التصنيف 966.3
رقم المادة N P
100 1# - المدخل الرئيسى - إسم شخصى
الإسم الشخصى NEBAUT, ALBERT
245 10 - بيان العنوان
العنوان PASSIONS AFRICAINES /
بيان المسئوليه,etc NEBAUT, ALBERT
700 1# - المدخل الاضافى - اسم شخصى
الإسم الشخصى BIORARD, FRANCAIS
700 1# - المدخل الاضافى - اسم شخصى
الإسم الشخصى DAUBA, CLAUDINE
260 ## - PUBLICATION, DISTRIBUTION, ETC. (IMPRINT)
تاريخ النشر أو التوزيع 1995
300 ## - الوصف المادى
التعداد 338 P
650 04 - المدخل الاضافى بالموضوع-مصطلح موضوعى
مصطلح موضوعي HISTORY
650 04 - المدخل الاضافى بالموضوع-مصطلح موضوعى
مصطلح موضوعي AFRICA - HISTORY
650 04 - المدخل الاضافى بالموضوع-مصطلح موضوعى
مصطلح موضوعي SENEGAL - HISTORY
942 ## - عناصر المدخل الإضافي( كوها)
مصدر التصنيف او مخطط الترفيف Dewey Decimal Classification
Koha [default] item type كتاب
260 ## - PUBLICATION, DISTRIBUTION, ETC. (IMPRINT)
-- [S.N] :
-- EBOUS ،
Holdings
حالة التراجع حالة الفقد حالة تلف ليس للاعارة المكان المؤقت الموقع الحالى تاريخ الاكتساب اجمالي اﻻعارات رقم الطلب الباركود تاريخ اخر مشاهدة تاريخ تفعيل السعر نوع وعاء كوها
        مكتبة القاهرة الكبرى مكتبة القاهرة الكبرى 03/26/2014   966.3\N P 29453 03/26/2014 03/26/2014 كتاب

Powered By

EGPV